| 000 | 00694nam a2200241Ia 4500 | ||
|---|---|---|---|
| 003 | OSt | ||
| 005 | 20220927105008.0 | ||
| 006 | a|||||r|||| 00| 0 | ||
| 007 | ta | ||
| 008 | 220926b |||||||| |||| 00| 0 eng d | ||
| 024 | _a140744 | ||
| 037 | _cReference Collections | ||
| 040 |
_aRTL _cRTL _beng |
||
| 041 |
_2eng _aeng |
||
| 082 | _a"Xv58.N7, L1" | ||
| 100 |
_aIschboldin Boris _9369191 |
||
| 245 | 0 | _aHistory of the Russian non-Marxian social-economic thought | |
| 260 |
_aNew _bDelhi New Book Society _c1971 |
||
| 300 |
_a328p _ccm. |
||
| 500 | _aBibliography: P 322-28 | ||
| 942 |
_h"Xv58.N7, L1" _cCC |
||
| 999 |
_c690050 _d690050 |
||